Captain Marvel Franchise - Statistics

General Stats
  • This quiz has been taken 15 times
  • The average score is 6 of 10
Answer Stats
Type Year Name Info % Correct
Comic Series 1968-1979 Captain Marvel Marvel Comics
100%
Comic Mini-Series 2008 Captain Marvel Marvel Comics
100%
Comic Series TBA Captain Marvel Marvel Comics
100%
Film 2019 Captain Marvel Disney
100%
Comic Series 1977-1979 Ms. Marvel Marvel Comics
78%
Comic Series 2006-2010 Ms. Marvel Marvel Comics
78%
Comic Mini-Series 2015 Captain Marvel & The Carol Corps Marvel Comics
11%
Comic Mini-Series 2000-2001 Marvel Boy Marvel Comics
11%
Graphic Novel 1982 The Death of Captain Marvel Marvel Comics
11%
Comic Mini-Series 2018 The Life of Captain Marvel Marvel Comics
11%
No matching quizzes found
Score Distribution
Percent of People with Each Score
Percentile by Number Answered
Your Score History
You have not taken this quiz